Every NCAA Division I School in Maryland - Statistics

General Stats
  • This quiz has been taken 93 times
  • The average score is 5 of 9
Answer Stats
Answer Conference % Correct
Maryland ACC
96%
UMBC America East
79%
Towson CAA
65%
Navy Patriot League/AAC
56%
Loyola Patriot League
49%
Morgan State MEAC
38%
Mount St. Mary's MAAC
37%
Coppin State MEAC
35%
Maryland Eastern Shore MEAC
32%
No matching quizzes found
Score Distribution
Percent of People with Each Score
Percentile by Number Answered
Your Score History
You have not taken this quiz